| 000 | 00661nam a2200181Ia 4500 | ||
|---|---|---|---|
| 008 | 151018s9999 xx 000 0 und d | ||
| 082 |
_bRBASDV36781 _a891.462 |
||
| 100 | _aशारदाकुमार शिर्सेकर | ||
| 245 | _aतूच माझी मैना | ||
| 250 | _b1 | ||
| 260 |
_bत्रिदल प्रकाशन मुंबई _c1991 |
||
| 300 | _a67 | ||
| 600 | _aशारदाकुमार शिर्सेकर | ||
| 630 | _aतूच माझी मैना | ||
| 700 | _aशारदाकुमार शिर्सेकर | ||
| 730 | _aतूच माझी मैना | ||
| 942 | _cBOOK | ||
| 999 |
_c1036228 _d1036225 |
||